Estadísticas para Países fusionados # 1

Haz click aquí para tomar la prueba!

Estadísticas generales

  • Esta prueba ha sido tomada 25 veces
  • La puntuación promedio es 15 de 20

Respuestas en el mapa

Las respuestas están codificadas por una escala verde-roja en el mapa de la prueba según el % correcto abajo.
Cargando...
 

Estadísticas de respuestas

Country% Correcto
Afganistán
88%
Paraguay
88%
Mali
88%
Pakistán
83%
Argentina
83%
Mauritania
83%
Republica checa
79%
Camboya
79%
Somalia
79%
Rusia
79%
Kenia
75%
Mongolia
75%
República del congo
71%
Eslovaquia
71%
Gabón
71%
Vietnam
71%
Surinam
71%
Guayana
63%
Croacia
50%
Eslovenia
50%

Distribución de puntuación

Porcentaje por número respondido

Porcentaje de gente con cada puntuación

Historial de tus puntuaciones

No has tomado esta prueba